Hindu chemistry : (Record no. 166086)
[ view plain ]
| 000 -LEADER | |
|---|---|
| fixed length control field | 00633nam a22001937a 4500 |
| 005 - DATE AND TIME OF LATEST TRANSACTION | |
| control field | 20190712142424.0 |
| 010 ## - LCCN (DPL NO) | |
| LC control number | ENG-125895 |
| 020 ## - INTERNATIONAL STANDARD BOOK NUMBER | |
| International Standard Book Number | 9788180901867 |
| Terms of availability | 500.00 |
| 035 ## - SYSTEM CONTROL NUMBER | |
| System control number | EN-109427 |
| 037 ## - SOURCE OF ACQUISITION | |
| Source of stock number/acquisition | DBAD/PUB |
| 082 ## - DEWEY DECIMAL CLASSIFICATION NUMBER | |
| Classification number | 540.954 |
| 100 ## - MAIN ENTRY--PERSONAL NAME | |
| Personal name | Seal, B.N. |
| 245 ## - TITLE STATEMENT | |
| Title | Hindu chemistry : |
| Statement of responsibility, etc | by B.N. Seal |
| Remainder of title | text with translation into english / |
| 260 ## - PUBLICATION, DISTRIBUTION, ETC. (IMPRINT) | |
| Place of publication, distribution, etc | Delhi |
| Name of publisher, distributor, etc | Bharatiya Kala Prakashan |
| Date of publication, distribution, etc | 2018 |
| 270 ## - ADDRESS | |
| Address | 3421-A, IInd Floor, Narang Colony, Tri Nagar |
| City | Delhi |
| Postal code | 110035 |
| Telephone number | 011-27393083 |
| Electronic mail address | saies.pkbooks@gmail.com |
| 300 ## - PHYSICAL DESCRIPTION | |
| Extent | ix,339p. |
| Dimensions | 22cm(Hb) |
| 500 ## - GENERAL NOTE | |
| General note | Includes index |
| 942 ## - ADDED ENTRY ELEMENTS (KOHA) | |
| Source of classification or shelving scheme | Dewey Decimal Classification |
| Item type | English Books |
| Classification part | 540.954 |
| Call number suffix | SEA |
| Withdrawn status | Lost status | Not for loan | Collection code | Home library | Current library | Date acquired | Source of acquisition | Cost, normal purchase price | Full call number | Barcode | Copy number | Cost, replacement price | Koha item type |
|---|---|---|---|---|---|---|---|---|---|---|---|---|---|
| Non-fiction | Ashok Vihar | Ashok Vihar | 12/07/2019 | DBAD/PUB | 500.00 | 540.954 SEA | EN-109427 | 1 | 500.00 | English Books |
